000 00183nam a2200085Ia 4500
008 170620s9999 xx 000 0 und d
100 _aOOMMEN- T K
245 0 _aSOCIOLOGY
260 _bEASTERN BOOK
260 _c2006
999 _c29309
_d29309